| 000 | 00763nam a2200241 a 4500 | ||
|---|---|---|---|
| 001 | 65193 | ||
| 003 | BD-RjUL | ||
| 005 | 20241020110454.0 | ||
| 008 | 170301s1959 bg b 001 0 eng d | ||
| 035 | _a(BD-RjUL)65323 | ||
| 040 |
_aDLC _cDLC _dDLC _dBD-RjUL _beng |
||
| 041 | _aeng | ||
| 082 | 0 | 0 |
_a954.0253 _223 _bKAS 1959 |
| 100 | 1 |
_aKarim, Abdul, _d1928-2007. _981109 |
|
| 245 | 1 | 0 |
_aSocial history of the Muslims in Bengal, down to A.D. 1538 / _cAbdul Karim. |
| 260 |
_aDacca : _bThe asiatic society, _c1959. |
||
| 300 |
_axvii, 251 p. ; _c25 cm. |
||
| 504 | _aIncludes bibliography and index. | ||
| 650 | 0 |
_aMuslims _zIndia _zBengal _xHistory. _981110 _y1538- |
|
| 651 | 0 |
_aBengal (India) _xHistory. _981111 |
|
| 942 |
_2ddc _cBK |
||
| 999 |
_c65193 _d65193 |
||